00681 2200241 4500001002100000005001700021008004100038035002400079082000800103090001500111100001700126245007900143260004200222300002500264500004300289650002600332700001800358700001400376850001500390980001300405985000600418999001500424YOGYA-0209000000637220090227020906.0 ind  0010-020900000006372 a137 a137bEys M aEYSENCK, H.J aMengenal diri pribadicH.J. Eysenck, Glenn Wilson ; alih bahasa, D.H. Gulo aJakartabANS Sungguh Bersaudarac1980 a154 hlmbilusc20 cm aJudul asli : Know your own personality aIlmu jiwa Kepribadian aWILSON, Glenn aGULO, D.H aYOPDYOG(B) a08-07-05 a1 aB000022783